000 00410nam a2200181Ia 4500
001 3716
005 20260306145704.0
008 260306t2016||||xx |||||||||||||| ||spa||
041 _aESP
082 _a302.14
_bB34
100 _aBecerra Stock, Ricardo
_eAUT
245 0 _aWawa pukllay
260 _c2016
300 _a161 páginas :
_c24 cm.
650 _aGEN
654 _aCHU
942 _cLIB
_dJUS
_fJUS
_2ddc
_n
999 _c3716
_d3716